Elements of electricity, (Record no. 184260)
[ view plain ]
| 000 -LEADER | |
|---|---|
| fixed length control field | 01067 a2200181 4500 |
| 003 - CONTROL NUMBER IDENTIFIER | |
| control field | Nust |
| 005 - DATE AND TIME OF LATEST TRANSACTION | |
| control field | 20170207153340.0 |
| 010 ## - LIBRARY OF CONGRESS CONTROL NUMBER | |
| LC control number | 536444 |
| 040 ## - CATALOGING SOURCE | |
| Transcribing agency | Nust |
| 082 ## - DEWEY DECIMAL CLASSIFICATION NUMBER | |
| Classification number | 537 |
| 100 ## - MAIN ENTRY--PERSONAL NAME | |
| Personal name | Timbie, William Henry, |
| 245 ## - TITLE STATEMENT | |
| Title | Elements of electricity, |
| Statement of responsibility, etc. | Timbie, William Henry, 1877- |
| 260 ## - PUBLICATION, DISTRIBUTION, ETC. | |
| Place of publication, distribution, etc. | New York |
| Name of publisher, distributor, etc. | , J. Wiley & sons, inc. |
| Date of publication, distribution, etc. | ; [etc., etc.] 1925. |
| 300 ## - PHYSICAL DESCRIPTION | |
| Extent | 631p. l., iii-xi, |
| Other physical details | 624 p. incl. illus., tables |
| Dimensions | ., tables, diagrs. 20 cm. |
| 505 ## - FORMATTED CONTENTS NOTE | |
| Formatted contents note | Ohm’s law (Page-1) Electrical Power and Energy (Page-40) Concerning Wire (Page-64) Measurement of Resistance (Page-82) Magnets and Magnetism (Page-106) The Magnetic Circuit (Page-127) The Generator (Page-176) The Operation of Direct –Current Generators (Page-200) Electric Motors (Page-239) Batteries and Electrochemical Action (Page-290) Simplification of Circuits (Page-320) Inductance (Page-346 ) Capacitance (Page-375) Alternating Currents (Page-405)Electronic and Electron Tube (Page-515)Electrostatic Behavior (Page-589) |
| 538 ## - SYSTEM DETAILS NOTE | |
| System details note | Almirah No.17 Shelf No.2 |
| 650 ## - SUBJECT ADDED ENTRY--TOPICAL TERM | |
| Topical term or geographic name entry element | Elements of electricity, |
| 942 ## - ADDED ENTRY ELEMENTS (KOHA) | |
| Source of classification or shelving scheme | |
| Koha item type | Book |
| Withdrawn status | Lost status | Source of classification or shelving scheme | Damaged status | Not for loan | Collection code | Permanent Location | Current Location | Date acquired | Total Checkouts | Full call number | Barcode | Date last seen | Price effective from | Koha item type |
|---|---|---|---|---|---|---|---|---|---|---|---|---|---|---|
| Military College of Signals (MCS) | Military College of Signals (MCS) | 12/12/2016 | 537 TIM | MCS5493 | 12/08/2016 | 12/12/2016 | Book | |||||||
| Military College of Signals (MCS) | Military College of Signals (MCS) | 12/12/2016 | 537 TIM | MCS5778 | 12/08/2016 | 12/12/2016 | Book | |||||||
| Military College of Signals (MCS) | Military College of Signals (MCS) | 12/12/2016 | 537 TIM | MCS5806 | 12/08/2016 | 12/12/2016 | Book |
